000 00441nam a2200181 a 4500
001 18469
003 CO-ViMGA
008 141112s2004 ck r 000 u spa d
020 _a9589214010
040 _aCO-ViMGA
_bspa
_cCO-ViMGA
082 0 4 _aLOBt
100 1 _aLobo Amaya, Alfonso
_926298
245 1 0 _aTarrian
260 _aBogotá,
_cEcoe,
_c1993
300 _a75.p.
650 1 4 _aCUENTOS INFANTILES COLOMBIANOS
_92369
942 _2ddc
_cBK
999 _c27765
_d27765